Beginner's guide to darkBASIC game programming (Record no. 42496)
[ view plain ]
| 000 -LEADER | |
|---|---|
| fixed length control field | 01443nam a2200349Ia 4500 |
| 082 04 - DEWEY DECIMAL CLASSIFICATION NUMBER | |
| Classification number | 794.8/15262 |
| 100 1# - MAIN ENTRY--AUTHOR NAME | |
| Personal name | Harbour, Jonathan. |
| 245 10 - TITLE STATEMENT | |
| Title | Beginner's guide to darkBASIC game programming |
| 260 ## - PUBLICATION, DISTRIBUTION, ETC. (IMPRINT) | |
| Place of publication | Cincinnati, Ohio : |
| Name of publisher | Premier Press, a division of Course Technology, |
| Year of publication | 2003. |
| 300 ## - PHYSICAL DESCRIPTION | |
| Number of Pages | xxxvi, 711 p. : |
| Other physical details | ill. |
| 490 1# - SERIES STATEMENT | |
| Series statement | Premier Press game development series |
| 650 #0 - SUBJECT ADDED ENTRY--TOPICAL TERM | |
| Topical Term | Computer games |
| Topical Term | Computer games |
| 700 1# - ADDED ENTRY--PERSONAL NAME | |
| Personal name | Smith, Joshua. |
| 856 40 - ELECTRONIC LOCATION AND ACCESS | |
| Uniform Resource Identifier | http://site.ebrary.com/lib/rucke/Doc?id=10069847 |
No items available.
